<?xml version="1.0" encoding="UTF-8"?>
<record
    xmlns:xsi="http://www.w3.org/2001/XMLSchema-instance"
    xsi:schemaLocation="http://www.loc.gov/MARC21/slim http://www.loc.gov/standards/marcxml/schema/MARC21slim.xsd"
    xmlns="http://www.loc.gov/MARC21/slim">

  <leader>02212nam a22002537a 4500</leader>
  <controlfield tag="008">250528b        |||||||| |||| 00| 0 eng d</controlfield>
  <datafield tag="020" ind1=" " ind2=" ">
    <subfield code="a">9781646041671</subfield>
  </datafield>
  <datafield tag="040" ind1=" " ind2=" ">
    <subfield code="c">tbs</subfield>
  </datafield>
  <datafield tag="041" ind1=" " ind2=" ">
    <subfield code="a">fre</subfield>
    <subfield code="a">eng</subfield>
  </datafield>
  <datafield tag="100" ind1=" " ind2=" ">
    <subfield code="a">Jones, Rhianna</subfield>
    <subfield code="9">25352</subfield>
    <subfield code="e">author</subfield>
  </datafield>
  <datafield tag="245" ind1=" " ind2=" ">
    <subfield code="a">Parisienne French </subfield>
    <subfield code="b">: chic phrases, slang and style</subfield>
    <subfield code="c">/ Rhianna Jones.</subfield>
  </datafield>
  <datafield tag="260" ind1=" " ind2=" ">
    <subfield code="a">Berkeley, CA : </subfield>
    <subfield code="b">Ulysses Press,</subfield>
    <subfield code="c">2013.</subfield>
  </datafield>
  <datafield tag="300" ind1=" " ind2=" ">
    <subfield code="a">210 pages : </subfield>
    <subfield code="b">illustrations ; </subfield>
    <subfield code="c">17 cm.</subfield>
  </datafield>
  <datafield tag="505" ind1=" " ind2=" ">
    <subfield code="a">Everyday phrases and expressions &#x2014; A bilingual word list &#x2014; Vocabulary and parallel translations from French to English.</subfield>
  </datafield>
  <datafield tag="505" ind1=" " ind2=" ">
    <subfield code="a">Essentials: les essentiels &#x2014; Daily life: la vie quotidienne &#x2014; Friendship: l'amitie &#x2014; Culture: la culture &#x2014; Fashion: la mode &#x2014; Cuisine: la cuisine &#x2014; Love: l'amour &#x2014; Nightlife: la vie nocturne.</subfield>
  </datafield>
  <datafield tag="520" ind1=" " ind2=" ">
    <subfield code="a">Learn to speak French like a true Parisienne with vocabulary from the chic neighborhoods and vibrant clubs to high-fashion catwalks. This is the French you've always wanted to know but never learned in class.

You&#x2019;ve dreamed of Paris your whole life. You&#x2019;ve imagined yourself sipping a caf&#xE9; au lait at an outdoor bistro in the Jardin de Tuileries, or browsing a fashionable boutique on the Champs-Elys&#xE9;es, or strolling along the banks of the Seine, hand in hand with your handsome French lover. Now is the time to realize that dream.

Parisienne French will have you cultured, chic and, most importantly, casually chatting with locals as if you were raised in the City of Lights. With refined phrases to express yourself at the Mus&#xE9;e d&#x2019;Orsay, posh vocabulary for catching up on this season&#x2019;s couture fashion and hip slang for flirting at the hottest nightclub, you&#x2019;ll effortlessly navigate the social scenes of Paris. Your new eloquent French will win over any vrai patriote, who will warmly welcome you to la vie parisienne.</subfield>
  </datafield>
  <datafield tag="650" ind1=" " ind2="0">
    <subfield code="a">French language</subfield>
    <subfield code="x">Conversation and phrase books</subfield>
    <subfield code="x">English</subfield>
    <subfield code="9">25346</subfield>
  </datafield>
  <datafield tag="650" ind1=" " ind2="0">
    <subfield code="a">French language</subfield>
    <subfield code="x">Idioms</subfield>
    <subfield code="9">25353</subfield>
  </datafield>
  <datafield tag="650" ind1=" " ind2="0">
    <subfield code="a">French language</subfield>
    <subfield code="x">Slang</subfield>
    <subfield code="9">25354</subfield>
  </datafield>
  <datafield tag="650" ind1=" " ind2="0">
    <subfield code="a">French language</subfield>
    <subfield code="x">Vocabulary</subfield>
    <subfield code="9">25355</subfield>
  </datafield>
  <datafield tag="651" ind1=" " ind2="0">
    <subfield code="a">Paris (France)</subfield>
    <subfield code="x">Social life and customs</subfield>
    <subfield code="9">25356</subfield>
  </datafield>
  <datafield tag="651" ind1=" " ind2="0">
    <subfield code="a">Paris (France)</subfield>
    <subfield code="x">Description and travel</subfield>
    <subfield code="9">25357</subfield>
  </datafield>
  <datafield tag="942" ind1=" " ind2=" ">
    <subfield code="2">lcc</subfield>
  </datafield>
  <datafield tag="952" ind1=" " ind2=" ">
    <subfield code="0">0</subfield>
    <subfield code="1">0</subfield>
    <subfield code="2">lcc</subfield>
    <subfield code="4">0</subfield>
    <subfield code="7">0</subfield>
    <subfield code="a">TBS</subfield>
    <subfield code="b">TBS</subfield>
    <subfield code="d">2025-05-28</subfield>
    <subfield code="l">0</subfield>
    <subfield code="o">P-FR LEARN JON</subfield>
    <subfield code="p">B05754</subfield>
    <subfield code="r">2025-05-28</subfield>
    <subfield code="t">1</subfield>
    <subfield code="w">2025-05-28</subfield>
    <subfield code="y">FRENCH</subfield>
  </datafield>
  <datafield tag="999" ind1=" " ind2=" ">
    <subfield code="c">4704</subfield>
    <subfield code="d">4704</subfield>
  </datafield>
</record>
